000 00955naa a22002777a 4500
001 BR7804336
003 BR-BrBNA
005 20240918174120.0
007 ta
008 230509b bl.||||| |||| 00| 0 por d
040 _aBR-BrBNA
_bpor
_cBiblioteca Nacional de Agricultura
041 _a(Pt)
072 _aT00
_b/G514
090 _aT00 BR7804336
100 1 _aLemos, V.J. de
111 1 _a1. Simposio Nacional de Ecologia
_cCuritiba, PR (Brazil)
_d26 Sep 1978
245 1 _aPoluicao visual [Poluicao ambiental; Brasil]
260 3 _aCuritiba, PR (Brasil):
_c1978.
500 _aAnais do 1. Simposio Nacional de Ecologia Curitiba, PR (Brasil): 1978. v. 4 p. 7-18 (BR7804336-AM)T00
650 _aPoluicao
650 _aPoluicao ambiental
650 _aPropaganda
773 0 _tAnais do 1. Simposio Nacional de Ecologia
_wT00 BR7804336
_gCuritiba, PR (Brasil), 1978. v. 4 p. 7-18
909 _a202404
_bLucia
_c55
_dLucia Elande
942 _cAM
_2AGRIS
999 _c309002
_d309002